Romeo and Juliet, Act I, Prologue Quiz - Statistics

General Stats
  • This quiz has been taken 93 times
  • The average score is 6 of 14
Answer Stats
Sentence Line % Correct
{Two households, both alike in dignity,} 1
90%
{In fair Verona where we lay our scene,} 2
87%
{From ancient grudge break to new mutiny,} 3
65%
{Where civil blood makes civil hands unclean.} 4
58%
{A pair of star-crossed lovers take their life,} 6
52%
{Doth, with their death, bury their parents' strife.} 8
42%
{Whose misadventured piteous overthrows,} 7
42%
{From forth the fatal loins of these two foes,} 5
39%
{Is now the two hours' traffic of our stage;} 12
29%
{The fearful passage of their death-marked love} 9
29%
{What here shall miss, our toil shall strive to mend.} 14
26%
{And the continuance of their parents' rage —} 10
23%
{The which, if you with patient ears attend,} 13
23%
{Which, but their children's end, nought could remove —} 11
19%
No matching quizzes found
Score Distribution
Percent of People with Each Score
Percentile by Number Answered
Your Score History
You have not taken this quiz